000 00461nam a22001457a 4500
008 140807b xxu||||| |||| 00| 0 eng d
050 _aKD1815.A2.L57(1932 vol.44)
245 _aLloyd's list Law Reports (1932 vo.44):Michaelmas sitting. /
_cedited by H.P. Henley
260 _aLondon:
_bLloyd's,
_c1933.
300 _aviii, 412p.:
_c24cm.
440 _pMichaelmas sittings, 1932
_vVol. 44
500 _aIncludes index
800 _aHenley, H.P.
942 _2lcc
_cBK
999 _c3271
_d10771